Bibliografía
Kaydedildi:
| Materyal Türü: | Metin |
|---|---|
| Konular: | |
| Etiketler: |
Etiketle
Etiket eklenmemiş, İlk siz ekleyin!
|
MARC
| LEADER | 00000 a a2200000 04500 | ||
|---|---|---|---|
| 001 | 7884 | ||
| 003 | |||
| 040 | |||
| 245 | |a Bibliografía | ||
| 650 | |a BIBLIOGRAFIAS ANOTADAS | ||
| 650 | |a COMENTARIOS | ||
| 650 | |a INVESTIGACION | ||
| 773 | |g número 48; páginas 155-160 | ||
| 999 | |c 31956 |d 31956 | ||
| 773 | 0 | |0 18875 |9 5293 |a Universidad de Costa Rica. |d San José, Costa Rica: Universidad de Costa Rica. Consejo Superior Universitario Centroamericano, 1972- |o 14337 |t Estudios Sociales Centroamericanos / |x 03039676 | |
